000 02798cam a2200361 i 4500
003 SA-RiAUC
005 20250113075629.0
008 250107s1995 su f 00010 ara c
024 0 _a00000000982653
040 _aSA-JeALM
_bara
_cSA-RiAUC
_dAE-DuMBRL
_erda
050 4 _b.I26 1995
082 0 4 _a212.6
_qSA-RiAUC
090 _a212.6
_b ا ب ن ف
100 1 _aابن فايع، عبد الرحمن بن أحمد بن محمد
_eمؤلف.
245 1 0 _aأحكام الجوار في الفقه الإسلامي /
_cتأليف عبد الرحمن بن أحمد بن محمد بن فايع.
250 _aالطبعة الأولى.
264 1 _aجدة، المملكة العربية السعودية :
_bدار الأندلس الخضراء للنشر والتوزيع،
_c1995.
300 _a374 صفحة ؛
_c24 ×17 سم.
336 _aنص
_btxt
_2rdacontent
_3كتاب
337 _aبدون وسيط
_bn
_2rdamedia
338 _aمجلد
_bnc
_2rdacarrier
490 0 _aسلسة الرسائل الجامعية ؛
_v3
500 _aالأصل أطروحة (ماجستير)
500 _aتوجد ملاحظات من الشيخ الدكتور عبدالوهاب أبو سليمان رحمه الله في داخل الكتاب.
520 _aيتناول كتاب (أحكام الجوار في الفقه الإسلامي) والذي قام بتأليفه عبد الرحمن بن أحمد بن محمد بن فايع، موضوع (الجوار) هذا الكتاب رسالة علمية في موضوع له أهمية كبيرة في حياة الناس الواقعية، وذلك لما تقتضيه طبيعة الجوار من التصرفات الكثيرة فيحتاج إلى بيان أحكامها. خاصة وضعف الوازع الديني عند بعض الناس، فكان لابد من بيان الأحكام الشرعية التي تحفظ للمجتمع أمنه واستقراره، وتحمل الناس على أداء حقوق جيرانهم وكف الأذى عنهم. حيث أن الأحكام المتعلقة بالجوار متفرقة في أبواب كثيرة من أبواب الفقه؛ كأبواب الصلح، والشفقة، والوصايا، ونحو ذلك، فرأى الباحث جمع هذه الأحكام في هذا الكتاب.
650 7 _aحقوق الجار (أخلاق إسلامية)
_2aucsh
650 7 _aالآداب الإسلامية
_2aucsh
650 7 _aالأخلاق الإسلامية
_2aucsh
856 4 _uhttps://catalog.loc.gov/vwebv/staffView?searchId=10575&recPointer=1&recCount=25&bibId=5384412
942 _2ddc
_cBOOK
_n0
949 _aSA-JeALM
_d250107
_umohamedma123
_n1
999 _c4669
_d4669